00804nam a22002537a 45000010005000000030006000050050017000110080041000280200018000690400029000870500014001160820010001301000037001402450046001772500041002232600034002643000055002985050007003535200107003605210018004675210018004856500020005036500027005236586FISKH20250513084241.0250513b cb ||||| |||| 00| 0 eng d a9780152022679 aFISKHbengcFISKHdFISKH aPZ8.M15 F a428.6 aMcDermott, Geraldd(1941–2012) aThe fox and the stork /cGerald McDermott aThis edition first published in 2000 aFlorida :bGreen Light,c2000 a15 unnumbered pages bcolor illustrations ;c23 cm aG  aA retelling of the La Fontaine fable in which a stork finds a way to outwit the fox that tricked him. 8 a330 bLexile 8 aG bRaz-Plus  2StorkaOutsmart 2TricksteraStep Reader